HAND BOOK OF PEDIATRICS (Record no. 34761)

MARC details
000 -LEADER
fixed length control field 00377nam a22001697a 4500
003 - CONTROL NUMBER IDENTIFIER
control field SGT
020 ## - INTERNATIONAL STANDARD BOOK NUMBER
International Standard Book Number 9788180040580
082 ## - DEWEY DECIMAL CLASSIFICATION NUMBER
Classification number 618.92
Item number H21K
100 ## - MAIN ENTRY--PERSONAL NAME
Personal name KUMAR. A.SANTHOSH
245 ## - TITLE STATEMENT
Title HAND BOOK OF PEDIATRICS
250 ## - EDITION STATEMENT
Edition statement 6TH
260 ## - PUBLICATION, DISTRIBUTION, ETC. (IMPRINT)
Place of publication, distribution, etc NEW DELHI
Name of publisher, distributor, etc AIPD PUB.
Year of Publication 2021
300 ## - PAGE DESCRIPTION
No. of Pages 636
650 ## - SUBJECT ADDED ENTRY--TOPICAL TERM
Topical term or geographic name as entry element PEDIATRICS
653 ## - KEYWORDS--INDEX TERM
Keyword term HAND BOOK , PEDIATRICS
942 ## - ADDED ENTRY ELEMENTS (KOHA)
Source of classification or shelving scheme Dewey Decimal Classification
Koha item type Books
Holdings
Withdrawn status Lost status Source of classification or shelving scheme Damaged status Not for loan Collection code Home library Current library Shelving location Date acquired Vendor Name Cost, normal purchase price SGTU Bill Number Total Checkouts Full call number Accession No. (Barcode) Date last seen Bill Date Koha item type Use restrictions
    Dewey Decimal Classification     AYURVEDA SGT FA-FP Library SGT FA-FP Library Text Book 01/05/2026 ABC PVT. LTD. 799.00 SGTU 22849   618.92 H21K FA13526 01/05/2026 08/04/2026 Books  
    Dewey Decimal Classification     AYURVEDA SGT FA-FP Library SGT FA-FP Library Text Book 01/05/2026 ABC PVT. LTD. 799.00 SGTU 22849   618.92 H21K FA13527 01/05/2026 08/04/2026 Books  
    Dewey Decimal Classification     AYURVEDA SGT FA-FP Library SGT FA-FP Library Reference Book 01/05/2026 ABC PVT. LTD. 799.00 SGTU 22849   618.92 H21K FA13528 01/05/2026 08/04/2026 Books Restricted Access
    Dewey Decimal Classification     AYURVEDA SGT FA-FP Library SGT FA-FP Library Text Book 01/05/2026 ABC PVT. LTD. 799.00 SGTU 22849   618.92 H21K FA13529 01/05/2026 08/04/2026 Books  
    Dewey Decimal Classification     AYURVEDA SGT FA-FP Library SGT FA-FP Library Text Book 01/05/2026 ABC PVT. LTD. 799.00 SGTU 22849   618.92 H21K FA13530 01/05/2026 08/04/2026 Books